[Event "UAE-ch"]
[Site "Abu Dhabi"]
[Date "2011.06.25"]
[Round "1"]
[White "Al Kaabi, Abdulla"]
[Black "Salem, AR Saleh"]
[Result "0-1"]
[WhiteElo "1904"]
[BlackElo "2511"]
[PlyCount "52"]
[EventDate "2011.06.25"]
[EventType "swiss"]
[EventRounds "9"]
[EventCountry "UAE"]
[SourceTitle "CBM 143 Extra"]
[Source "ChessBase"]
[SourceDate "2011.08.29"]
[SourceVersion "1"]
[SourceVersionDate "2011.08.29"]
[SourceQuality "1"]

1. d4 Nf6 2. Nf3 c5 3. c3 g6 4. g3 Bg7 5. Bg2 0-0 6. dxc5 Na6 7. b4 Ne4 8. Nd4 d5 9. 0-0 Nc7 10. Bb2 e5 11. Nb3 f5 12. N1d2 Be6 13. a4 Qg5 14. c4 Rad8 15. Nf3 Qe7 16. cxd5 Nxd5 17. Qe1 Ne3 18. Na5 Nxf1 19. Qxf1 Bd5 20. e3 b6 21. Nc4 bxc5 22. bxc5 f4 23. Qe2 fxg3 24. fxg3 Qxc5 25. Ncxe5 Bxe5 26. Rc1 Nc3 0-1

[Event "UAE President Cup"]
[Site "Abu Dhabi"]
[Date "2010.06.26"]
[Round "6"]
[White "Saeed, Ishaq"]
[Black "Al Kaabi, Abdulla"]
[Result "1-0"]
[WhiteElo "2205"]
[BlackElo "1865"]
[PlyCount "61"]
[EventDate "2010.06.21"]
[EventType "swiss"]
[EventRounds "9"]
[EventCountry "UAE"]
[SourceTitle "EXT 2012"]
[Source "ChessBase"]
[SourceDate "2011.11.24"]
[SourceVersion "1"]
[SourceVersionDate "2011.11.24"]
[SourceQuality "1"]

1. d4 Nf6 2. c4 e6 3. Nc3 Bb4 4. Qc2 d5 5. a3 Bxc3+ 6. Qxc3 Ne4 7. Qc2 c5 8. cxd5 exd5 9. e3 Nc6 10. Bd3 Bf5 11. dxc5 Qg5 12. f3 Qh4+ 13. Kf1 Ng3+ 14. hxg3 Bxd3+ 15. Qxd3 Qxh1 16. b4 0-0 17. Bb2 Qh6 18. Ne2 Rad8 19. Kf2 Rfe8 20. Rd1 a6 21. Nf4 Rd7 22. Qb3 Ne7 23. Qd3 Qg5 24. g4 Red8 25. Rh1 d4 26. Rh5 dxe3+ 27. Qxe3 Rd2+ 28. Kg1 R8d3 29. Qe4 Rd1+ 30. Kh2 f5 31. Qe6+ 1-0

[Event "UAE President Cup"]
[Site "Abu Dhabi"]
[Date "2010.06.23"]
[Round "3"]
[White "Al Kaabi, Abdulla"]
[Black "Al Marzouqi, Abdulla M"]
[Result "1-0"]
[WhiteElo "1865"]
[BlackElo "2022"]
[PlyCount "57"]
[EventDate "2010.06.21"]
[EventType "swiss"]
[EventRounds "9"]
[EventCountry "UAE"]
[SourceTitle "EXT 2012"]
[Source "ChessBase"]
[SourceDate "2011.11.24"]
[SourceVersion "1"]
[SourceVersionDate "2011.11.24"]
[SourceQuality "1"]

1. d4 Nf6 2. c4 g6 3. Nc3 Bg7 4. f3 d6 5. e4 0-0 6. Be3 Nc6 7. Nge2 a6 8. Qd2 Rb8 9. Rc1 Bd7 10. Nd1 Re8 11. Nf2 e6 12. g3 b5 13. c5 dxc5 14. Rxc5 Bf8 15. Rc1 Bb4 16. Nc3 Na5 17. a3 Nb3 18. Qd1 Bxc3+ 19. Rxc3 Na5 20. b4 Nc4 21. Bxc4 bxc4 22. 0-0 Qc8 23. Bg5 Kg7 24. Bxf6+ Kxf6 25. Ng4+ Ke7 26. Qd2 h5 27. Qg5+ Kf8 28. Nf6 Rd8 29. g4 1-0

[Event "Fujairah President Cup"]
[Site "Fujairah"]
[Date "2008.01.01"]
[Round "7"]
[White "Al Kaabi, Abdulla"]
[Black "Waleed, Yousif"]
[Result "1/2-1/2"]
[WhiteElo "1725"]
[BlackElo "2010"]
[PlyCount "70"]
[EventDate "2007.12.26"]
[EventType "swiss"]
[EventRounds "9"]
[EventCountry "UAE"]
[SourceTitle "CBM 122 Extra"]
[Source "ChessBase"]
[SourceDate "2008.03.04"]
[SourceVersion "1"]
[SourceVersionDate "2008.03.04"]
[SourceQuality "1"]

1. d4 d5 2. c4 e6 3. Nc3 Nf6 4. cxd5 exd5 5. Bg5 Be7 6. e3 c6 7. Bd3 0-0 8. Qc2 Nbd7 9. Nf3 Re8 10. 0-0 Nf8 11. Rab1 a5 12. a3 Ng6 13. b4 Bd6 14. b5 Bg4 15. Nh4 Bd7 16. Nxg6 hxg6 17. Bxf6 Qxf6 18. bxc6 bxc6 19. Rb3 Qh4 20. g3 Qe7 21. Na4 Rab8 22. Nb6 Red8 23. Nxd7 Rxb3 24. Qxb3 Rxd7 25. Qa4 c5 26. dxc5 Bxc5 27. Qxa5 Ra7 28. Qd2 Rxa3 29. Bb1 Rxe3 30. Qxd5 Re5 31. Qa8+ Kh7 32. Qf3 Re6 33. Kg2 Rf6 34. Qe4 Qa7 35. Qe2 Qb6 1/2-1/2

[Event "Fujairah President Cup"]
[Site "Fujairah"]
[Date "2007.12.29"]
[Round "4"]
[White "Khalid, Ahmad Mohd"]
[Black "Al Kaabi, Abdulla"]
[Result "0-1"]
[WhiteElo "1898"]
[BlackElo "1725"]
[PlyCount "88"]
[EventDate "2007.12.26"]
[EventType "swiss"]
[EventRounds "9"]
[EventCountry "UAE"]
[SourceTitle "CBM 122 Extra"]
[Source "ChessBase"]
[SourceDate "2008.03.04"]
[SourceVersion "1"]
[SourceVersionDate "2008.03.04"]
[SourceQuality "1"]

1. e4 c6 2. d4 d5 3. Nd2 dxe4 4. Nxe4 Bf5 5. Ng3 Bg6 6. Nf3 Nd7 7. h4 h6 8. h5 Bh7 9. Bd3 Bxd3 10. Qxd3 e6 11. Bf4 Qa5+ 12. Bd2 Qc7 13. 0-0-0 0-0-0 14. Ne4 Ngf6 15. g3 Nxe4 16. Qxe4 Nf6 17. Qe2 Bd6 18. Kb1 Rhe8 19. c4 c5 20. Bc3 Qc6 21. Rh4 Bc7 22. Re1 Qb6 23. Qe3 Nd7 24. Re4 cxd4 25. Bxd4 Qa5 26. Bxg7 Qxh5 27. Bxh6 Bb6 28. c5 Bxc5 29. Rc1 Kb8 30. Qf4+ Ka8 31. Bg5 f6 32. Bh4 e5 33. Qg4 Qh7 34. Ne1 f5 35. Qe2 fxe4 36. Bxd8 Rxd8 37. Ka1 Qf5 38. Qd1 Bxf2 39. Qb3 Bxe1 40. Rxe1 Qf3 41. Qb4 Nb6 42. Rc1 Rd1 43. Qc3 Rxc1+ 44. Qxc1 e3 0-1